Notable Person by City #4 - Statistics

General Stats
  • This quiz has been taken 149 times
  • The average score is 12 of 24
Answer Stats
City Profession Lifespan Famous Person % Correct
Gori, Georgia Soviet leader 1878 - 1953 Joseph Stalin
90%
Syracuse, N.Y. actor (Top Gun) 1962 - Tom Cruise
83%
London, Canada singer (Baby) 1994 - Justin Bieber
79%
Berlin Emperor of Germany 1859 - 1941 Wilhelm II
74%
Bay City, Mich. singer-songwriter (Queen of Pop) 1958 - Madonna
73%
Plains, Ga. President of the United States 1924 - Jimmy Carter
72%
Venice explorer, merchant c. 1254 - 1324 Marco Polo
72%
Reykjavík singer-songwriter 1965 - Björk
71%
Port-of-Spain rapper, singer-songwriter (Anaconda) 1982 - Nicki Minaj
56%
Bloemfontein fantasy writer 1892 - 1973 J.R.R. Tolkien
54%
Munich main architect of the Holocaust 1900 - 1945 Heinrich Himmler
53%
Little Rock U.S. General of the Army 1880 - 1964 Douglas MacArthur
50%
Wellington film director (Lord of the Rings) 1961 - Peter Jackson
50%
Baku chess grandmaster 1963 - Garry Kasparov
49%
Duluth singer-songwriter, literature nobelist 1941 - Bob Dylan
43%
Syracuse, Italy mathematician c. 287 BC - 212 BC Archimedes
34%
Cambridge economist (macroeconomics) 1883 - 1946 John Maynard Keynes
32%
Handan, China first emperor of a unified China 259 BC - 210 BC Qin Shi Huang
29%
Washington, D.C. U.S. candidate for president 1948 - Al Gore
28%
Lagos basketball player (Rockets) 1963 - Hakeem Olajuwon
27%
Townsville whistleblower 1971 - Julian Assange
25%
Denver U.S. candidate for president 1943 - John Kerry
21%
Rio de Janeiro lyricist, novelist 1947 - Paulo Coelho
17%
Saint Petersburg writer, philosopher 1905 - 1982 Ayn Rand
4%
No matching quizzes found
Score Distribution
Percent of People with Each Score
Percentile by Number Answered
Your Score History
You have not taken this quiz